000 00247nam a2200109Ia 4500
008 190216s9999||||xx |||||||||||||| ||und||
100 _aSivadasa Menon
245 0 _aMalabarile Shikkar
260 _bNull
650 _aMalayalam Essays
942 _cBK
999 _c24302
_d24302